| 000 | 00369nam a2200145Ia 4500 | ||
|---|---|---|---|
| 008 | 240624s9999 xx 000 0 und d | ||
| 041 | _aeng | ||
| 082 | _a342 MAL | ||
| 100 | _aMALIK SURENDRA | ||
| 245 | _aCOMPLETE DIGEST OF SUPREME COURT CASES S | ||
| 260 |
_c2008 _aLucknow _bEastern Book Company |
||
| 300 | _a974 : p. : cm. ; 25 | ||
| 365 |
_cRS _b15 |
||
| 440 | _v5 | ||
| 999 |
_c12001 _d12001 |
||